[Event "Kragero op"]
[Site "Kragero"]
[Date "2023.02.22"]
[Round "1"]
[White "Holand, Per Fredrik"]
[Black "Seo, Jung Min"]
[Result "0-1"]
[WhiteElo "2075"]
[BlackElo "2509"]
[PlyCount "156"]
[EventDate "2023.02.22"]
[EventType "swiss"]
[EventRounds "9"]
[EventCountry "NOR"]
[SourceTitle "CBM 212 Extra"]
[Source "ChessBase"]
[SourceDate "2023.03.31"]
[SourceVersion "1"]
[SourceVersionDate "2023.03.31"]
[SourceQuality "1"]

1. e4 c5 2. Nf3 e6 3. g3 Nc6 4. Bg2 Nf6 5. Nc3 d6 6. 0-0 Be7 7. d4 cxd4 8. Nxd4 0-0 9. b3 a6 10. Nce2 Bd7 11. c4 Nxd4 12. Nxd4 Rc8 13. Qe2 Qa5 14. Bd2 Qe5 15. Bc3 Qh5 16. Qxh5 Nxh5 17. Bb4 Rfe8 18. Rfd1 Nf6 19. Rd2 b5 20. cxb5 axb5 21. f3 g5 22. Bf1 Rb8 23. g4 h5 24. h3 hxg4 25. hxg4 Kf8 26. Rc1 Rb7 27. Rdc2 Ra8 28. Bd3 Raa7 29. Kg2 Ne8 30. Kg3 Bf6 31. Ne2 Ke7 32. f4 gxf4+ 33. Nxf4 Be5 34. Kf3 Nc7 35. Rg2 Na6 36. Bd2 Nc5 37. Bb1 Ra8 38. Be3 Rc7 39. Nd3 Nxd3 40. Bxd3 Rxc1 41. Bxc1 Rh8 42. Bf4 Bxf4 43. Kxf4 Rh3 44. Rg3 Rh2 45. a4 bxa4 46. bxa4 e5+ 47. Ke3 Bxa4 48. Bc4 Rc2 49. Kd3 Rh2 50. g5 Bc6 51. Ke3 Rh4 52. Bd3 Rh8 53. g6 Rg8 54. g7 Kf6 55. Rg1 Rxg7 56. Rc1 Rg3+ 57. Kd2 Bd7 58. Rc7 Be6 59. Rc6 Ke7 60. Rc7+ Kd8 61. Ra7 Rg2+ 62. Kc3 Ra2 63. Rb7 Ra3+ 64. Kd2 Ra8 65. Be2 Rc8 66. Bb5 Rc7 67. Rb8+ Bc8 68. Rb6 Ke7 69. Bc6 Bd7 70. Bd5 f5 71. exf5 Bxf5 72. Rb8 Be6 73. Bf3 d5 74. Rb5 Kd6 75. Rb6+ Rc6 76. Rb5 e4 77. Bh5 d4 78. Bg6 e3+ 0-1

[Event "Fagernes Autumn op"]
[Site "Fagernes"]
[Date "2022.10.15"]
[Round "8"]
[White "Holand, Per Fredrik"]
[Black "Liabotro, Pal Ole"]
[Result "0-1"]
[WhiteElo "2024"]
[BlackElo "2145"]
[PlyCount "126"]
[EventDate "2022.10.09"]
[EventType "swiss"]
[EventRounds "9"]
[EventCountry "NOR"]
[SourceTitle "CBM 210 Extra"]
[Source "ChessBase"]
[SourceDate "2022.11.30"]
[SourceVersion "1"]
[SourceVersionDate "2022.11.30"]
[SourceQuality "1"]

1. Nf3 Nf6 2. d4 c5 3. d5 g6 4. Nc3 d6 5. e4 a6 6. a4 Bg7 7. Nd2 0-0 8. Nc4 Nbd7 9. a5 b5 10. axb6 Nxb6 11. Na5 Bd7 12. Be2 e6 13. 0-0 exd5 14. exd5 Qc7 15. Bf3 Bb5 16. Re1 Nc4 17. Nc6 Bxc6 18. dxc6 Ne5 19. Nd5 Nxf3+ 20. Qxf3 Nxd5 21. Qxd5 Rfc8 22. Rd1 Be5 23. Ra3 Qxc6 24. Qa2 Qe4 25. Rf3 c4 26. c3 a5 27. Qa4 Qc6 28. Qc2 a4 29. h4 h5 30. Be3 a3 31. bxa3 Rxa3 32. Bd4 Qa4 33. Qxa4 Rxa4 34. Bxe5 dxe5 35. Rd7 Rf8 36. Rc7 f5 37. Rg3 Rf6 38. Re3 e4 39. f3 Re6 40. Kh2 Raa6 41. Rxc4 exf3 42. Rxe6 Rxe6 43. gxf3 Kf7 44. Kg3 Kf6 45. Kf4 Rd6 46. Rd4 Rc6 47. c4 g5+ 48. hxg5+ Kg6 49. Ke5 Kxg5 50. Kd5 Rc8 51. Ke6 h4 52. Kd7 Rh8 53. c5 h3 54. Rd1 Kf4 55. c6 h2 56. c7 Kxf3 57. c8Q Rxc8 58. Kxc8 f4 59. Kd7 Kg3 60. Ke6 f3 61. Ke5 f2 62. Ke4 Kg2 63. Ke3 f1Q 0-1

[Event "Fagernes Autumn op"]
[Site "Fagernes"]
[Date "2022.10.12"]
[Round "4"]
[White "Holand, Per Fredrik"]
[Black "Grave, Jacob Templen"]
[Result "1-0"]
[WhiteElo "2024"]
[BlackElo "2221"]
[PlyCount "79"]
[EventDate "2022.10.09"]
[EventType "swiss"]
[EventRounds "9"]
[EventCountry "NOR"]
[SourceTitle "CBM 210 Extra"]
[Source "ChessBase"]
[SourceDate "2022.11.30"]
[SourceVersion "1"]
[SourceVersionDate "2022.11.30"]
[SourceQuality "1"]

1. Nf3 Nf6 2. d4 e6 3. Bg5 c5 4. e3 h6 5. Bh4 Nc6 6. Nbd2 d5 7. Bd3 Qb6 8. Bxf6 gxf6 9. dxc5 Qxb2 10. 0-0 Qc3 11. e4 d4 12. Nc4 Na5 13. Nfd2 Nxc4 14. Nxc4 Qb4 15. e5 Qxc5 16. exf6 Bd7 17. Re1 0-0-0 18. Ne5 Be8 19. Rb1 Rd5 20. Qf3 Bd6 21. Nc4 Bc7 22. Nd2 Bc6 23. Ne4 Qf8 24. Bc4 Re5 25. Qd3 Qd8 26. Bb5 Bxe4 27. Rxe4 Rxe4 28. Qxe4 Qxf6 29. Be2 Bb6 30. Bf3 Qe7 31. a4 Rd8 32. a5 Bxa5 33. Rxb7 Qd6 34. Rxf7 Qd5 35. Qd3 Qd6 36. Rxa7 Bc7 37. Qb5 Qxh2+ 38. Kf1 Qh1+ 39. Ke2 d3+ 40. cxd3 1-0

[Event "Fagernes Autumn op"]
[Site "Fagernes"]
[Date "2022.10.11"]
[Round "3"]
[White "Kistrup, Nicolai"]
[Black "Holand, Per Fredrik"]
[Result "1-0"]
[WhiteElo "2274"]
[BlackElo "2024"]
[PlyCount "63"]
[EventDate "2022.10.09"]
[EventType "swiss"]
[EventRounds "9"]
[EventCountry "NOR"]
[SourceTitle "CBM 210 Extra"]
[Source "ChessBase"]
[SourceDate "2022.11.30"]
[SourceVersion "1"]
[SourceVersionDate "2022.11.30"]
[SourceQuality "1"]

1. d4 d5 2. c4 c6 3. Nf3 Nf6 4. e3 e6 5. b3 c5 6. Bb2 Nc6 7. cxd5 exd5 8. Nbd2 cxd4 9. Nxd4 Bb4 10. a3 Ba5 11. Nxc6 bxc6 12. Bd3 0-0 13. 0-0 c5 14. Rc1 Bb6 15. Bxf6 Qxf6 16. Qh5 g6 17. Qxd5 Be6 18. Ne4 Qg7 19. Qg5 h6 20. Qf4 Rfd8 21. Bc4 Bxc4 22. Rxc4 Rd3 23. Nf6+ Kh8 24. Qe4 Rad8 25. Ne8 Qf8 26. Qe5+ Kh7 27. Nf6+ Kh8 28. Rh4 Qg7 29. Qg5 h5 30. Rxh5+ gxh5 31. Qxh5+ Qh6 32. Qxh6# 1-0

[Event "Nordic-ch"]
[Site "Sarpsborg"]
[Date "2019.06.24"]
[Round "6"]
[White "Holand, Per Fredrik"]
[Black "Kro, Andreas Fuskeland"]
[Result "1/2-1/2"]
[WhiteElo "1883"]
[BlackElo "1565"]
[PlyCount "50"]
[EventDate "2019.06.21"]
[EventType "swiss"]
[EventRounds "9"]
[EventCountry "NOR"]
[SourceTitle "CBM 191 Extra"]
[Source "ChessBase"]
[SourceDate "2019.09.30"]
[SourceVersion "1"]
[SourceVersionDate "2019.09.30"]
[SourceQuality "1"]

1. e4 e6 2. d4 d5 3. Nc3 Nf6 4. Bg5 Be7 5. e5 Nfd7 6. h4 c5 7. Bxe7 Qxe7 8. Nb5 Kd8 9. Qg4 f6 10. 0-0-0 a6 11. Nd6 Nc6 12. f4 Nxd4 13. c3 Nc6 14. Nf3 Kc7 15. Bd3 fxe5 16. fxe5 Ndxe5 17. Nxe5 Nxe5 18. Nxc8 Nxg4 19. Nxe7 Nf2 20. Rhf1 Nxd1 21. Kxd1 Kd7 22. Rf7 Ke8 23. Rxg7 Kf8 24. Nf5 exf5 25. Rxb7 Rg8 1/2-1/2

[Event "Nordic-ch"]
[Site "Sarpsborg"]
[Date "2019.06.21"]
[Round "1"]
[White "Rydstrom, Tom"]
[Black "Holand, Per Fredrik"]
[Result "1-0"]
[WhiteElo "2370"]
[BlackElo "1883"]
[PlyCount "85"]
[EventDate "2019.06.21"]
[EventType "swiss"]
[EventRounds "9"]
[EventCountry "NOR"]
[SourceTitle "CBM 191 Extra"]
[Source "ChessBase"]
[SourceDate "2019.09.30"]
[SourceVersion "1"]
[SourceVersionDate "2019.09.30"]
[SourceQuality "1"]

1. Nc3 d5 2. e4 d4 3. Nce2 e5 4. Nf3 Nc6 5. Ng3 h5 6. h4 Bg4 7. Be2 Qd7 8. d3 Nge7 9. Bd2 Ng6 10. Ng5 Bxe2 11. Qxe2 Nb4 12. Bxb4 Bxb4+ 13. Kf1 Nf4 14. Qd1 0-0-0 15. Ne2 Ne6 16. Nf3 f6 17. a4 g6 18. a5 a6 19. c3 dxc3 20. bxc3 Bc5 21. Qb3 Rhe8 22. Rd1 Nf4 23. Nxf4 exf4 24. Qc4 Qb5 25. Qxb5 axb5 26. Ke2 b4 27. cxb4 Bxb4 28. Ra1 f5 29. Ng5 Rd6 30. Rhc1 Ra6 31. f3 Rxa5 32. Rxa5 Bxa5 33. Nh3 fxe4 34. fxe4 Rf8 35. Ra1 b6 36. Rf1 Kd7 37. Nxf4 Rg8 38. Nd5 Rg7 39. Rf6 c6 40. Nf4 Bc3 41. Rxg6 Rxg6 42. Nxg6 Bf6 43. g3 1-0

[Event "NOR-chT Club"]
[Site "Drammen"]
[Date "2019.06.01"]
[Round "4.5"]
[White "Tryggestad, Andreas Garberg"]
[Black "Holand, Per Fredrik"]
[Result "0-1"]
[WhiteElo "2324"]
[BlackElo "1883"]
[PlyCount "72"]
[EventDate "2019.05.30"]
[EventType "team-swiss"]
[EventRounds "6"]
[EventCountry "NOR"]
[SourceTitle "CBM 190 Extra"]
[Source "ChessBase"]
[SourceDate "2019.07.15"]
[SourceVersion "1"]
[SourceVersionDate "2019.07.15"]
[SourceQuality "1"]
[WhiteTeam "Nordstrand"]
[BlackTeam "Bodo"]
[WhiteTeamCountry "NOR"]
[BlackTeamCountry "NOR"]

1. d4 Nf6 2. c4 e6 3. Nf3 d5 4. Nc3 c6 5. g3 dxc4 6. Ne5 b5 7. Bg2 a6 8. 0-0 Bb7 9. b3 b4 10. Na4 c3 11. Bg5 h6 12. Bxf6 gxf6 13. Nc4 a5 14. f4 f5 15. e3 Nd7 16. g4 Rg8 17. e4 fxe4 18. f5 e5 19. dxe5 Nc5 20. Nd6+ Bxd6 21. exd6 Nxa4 22. bxa4 Qb6+ 23. Kh1 0-0-0 24. Qb3 Rd7 25. f6 c5 26. Rae1 Rxg4 27. Qc4 Qxd6 28. Rf5 Rc7 29. Rh5 Qd2 30. Qe2 Qxe2 31. Rxe2 e3 32. Bxb7+ Kxb7 33. Re5 Rd7 34. h3 Rc4 35. Re7 Rxe7 36. fxe7 Re4 0-1

[Event "Kragero op"]
[Site "Kragero"]
[Date "2019.02.23"]
[Round "6"]
[White "Holand, Per Fredrik"]
[Black "Kazarian, Anna Maja"]
[Result "0-1"]
[WhiteElo "2024"]
[BlackElo "2189"]
[PlyCount "120"]
[EventDate "2019.02.20"]
[EventType "swiss"]
[EventRounds "9"]
[EventCountry "NOR"]
[SourceTitle "CBM 189 Extra"]
[Source "ChessBase"]
[SourceDate "2019.06.03"]
[SourceVersion "1"]
[SourceVersionDate "2019.06.03"]
[SourceQuality "1"]

1. e4 c6 2. d4 d5 3. Nc3 dxe4 4. Nxe4 Bf5 5. Ng3 Bg6 6. h4 h6 7. Nh3 e5 8. dxe5 Qa5+ 9. c3 Qxe5+ 10. Be2 Nf6 11. Qb3 Qc7 12. Nf4 Bh7 13. Nfh5 Nbd7 14. Bf4 Qb6 15. 0-0-0 Qxb3 16. axb3 Nd5 17. Bc4 0-0-0 18. Bxd5 cxd5 19. Be3 Nc5 20. Bxc5 Bxc5 21. Rd2 d4 22. b4 Bb6 23. Rhd1 Kb8 24. Nxg7 Rc8 25. Rxd4 Bxd4 26. Rxd4 Rcd8 27. N7f5 Rxd4 28. Nxd4 f5 29. Ngxf5 Bxf5 30. Nxf5 h5 31. f3 Rd8 32. Kc2 Kc7 33. g4 Rg8 34. Ne3 Kd6 35. gxh5 Ke5 36. Nc4+ Kf4 37. Na5 Rg7 38. c4 Kxf3 39. b5 Ke4 40. Kc3 Rc7 41. Kb4 Kd4 42. c5 Kd5 43. c6 bxc6 44. bxc6 a6 45. Kc3 Rh7 46. b4 Rxh5 47. Kb3 Kd6 48. Kc3 Rxh4 49. Kb3 Kc7 50. Nc4 Kxc6 51. Na3 Kd5 52. Nc2 Rh3+ 53. Ka4 Rc3 54. Na3 Kc6 55. Nb1 Rc1 56. Na3 Kb6 57. Kb3 Rh1 58. Nc4+ Kc6 59. Na5+ Kb5 60. Ka3 Rh3+ 0-1

[Event "Oslo op"]
[Site "Oslo"]
[Date "2018.10.07"]
[Round "10"]
[White "Holand, Per Fredrik"]
[Black "Ragnarsson, Johann Hjortur"]
[Result "1-0"]
[WhiteElo "1882"]
[BlackElo "2007"]
[PlyCount "39"]
[EventDate "2018.09.30"]
[EventType "swiss"]
[EventRounds "10"]
[EventCountry "NOR"]
[SourceTitle "EXT 2020"]
[Source "ChessBase"]
[SourceDate "2019.10.17"]
[SourceVersion "1"]
[SourceVersionDate "2019.10.17"]
[SourceQuality "1"]

1. e4 d5 2. exd5 Qxd5 3. Nc3 Qd6 4. d4 Nf6 5. Nf3 c6 6. h3 Bf5 7. Ne5 Nbd7 8. Nc4 Qc7 9. Qf3 Be6 10. Bf4 Qd8 11. 0-0-0 Nb6 12. Nxb6 axb6 13. d5 Nxd5 14. Bc4 f6 15. Rhe1 Qc8 16. Rxe6 Nxf4 17. Qxf4 Ra5 18. Ne4 Qa8 19. Qc7 Kf7 20. Rxf6+ 1-0

[Event "Oslo op"]
[Site "Oslo"]
[Date "2018.09.30"]
[Round "1"]
[White "Vestby Ellingsen, Mads"]
[Black "Holand, Per Fredrik"]
[Result "1-0"]
[WhiteElo "2409"]
[BlackElo "1882"]
[PlyCount "82"]
[EventDate "2018.09.30"]
[EventType "swiss"]
[EventRounds "10"]
[EventCountry "NOR"]
[SourceTitle "EXT 2020"]
[Source "ChessBase"]
[SourceDate "2019.10.17"]
[SourceVersion "1"]
[SourceVersionDate "2019.10.17"]
[SourceQuality "1"]

1. Nf3 Nf6 2. g3 c5 3. Bg2 d5 4. 0-0 g6 5. d4 cxd4 6. Nxd4 Bg7 7. Nb3 0-0 8. Nc3 e6 9. e4 dxe4 10. Nxe4 Nxe4 11. Bxe4 Qc7 12. c3 Bd7 13. Be3 Bc6 14. Qc2 f5 15. Bxc6 Nxc6 16. f4 b6 17. Rae1 e5 18. fxe5 Bxe5 19. Qe2 Rac8 20. Qc4+ Qf7 21. Qxf7+ Rxf7 22. Rd1 Kg7 23. a4 Re8 24. Rfe1 Rfe7 25. Bf2 g5 26. Kf1 h5 27. Rd5 g4 28. a5 h4 29. axb6 axb6 30. Rb5 f4 31. gxf4 Bxf4 32. Rxe7+ Rxe7 33. Bxh4 Rf7 34. Kg2 Be3 35. Bg5 Na7 36. Rd5 Bf2 37. Nd2 Bc5 38. Ne4 Be7 39. Be3 Nc8 40. Nf2 Bd6 41. Nxg4 Bf8 1-0

[Event "Helgeland & Salten Region-ch"]
[Site "Fauske"]
[Date "2018.01.27"]
[Round "1"]
[White "Baumann, Tobias Opdalshei"]
[Black "Holand, Per Fredrik"]
[Result "0-1"]
[WhiteElo "1479"]
[BlackElo "1792"]
[PlyCount "100"]
[EventDate "2018.01.27"]
[EventType "swiss"]
[EventRounds "4"]
[EventCountry "NOR"]
[SourceTitle "EXT 2024"]
[Source "ChessBase"]
[SourceDate "2023.10.10"]
[SourceVersion "1"]
[SourceVersionDate "2023.10.10"]
[SourceQuality "1"]

1. e4 c5 2. Nf3 d6 3. d4 cxd4 4. Nxd4 Nf6 5. Nc3 a6 6. Bc4 e6 7. Bb3 Be7 8. a4 0-0 9. 0-0 Bd7 10. Bd2 Nc6 11. Nxc6 bxc6 12. a5 c5 13. f3 Bc6 14. Na4 d5 15. exd5 exd5 16. c4 dxc4 17. Bxc4 Qd4+ 18. Kh1 Qxc4 19. Nb6 Qb5 20. Nxa8 Rxa8 21. Qc2 Nd5 22. Rf2 Bf6 23. Rb1 Bd4 24. Rff1 Nb4 25. Qf5 Qd3 26. Qxd3 Nxd3 27. b4 Nf2+ 28. Rxf2 Bxf2 29. bxc5 Bb5 30. Bf4 Bxc5 31. h3 f6 32. Kh2 Re8 33. Rb2 Re2 34. Rb1 Bd4 35. Rd1 Be5 36. Bxe5 Rxe5 37. Kg3 Re2 38. Ra1 Rc2 39. Ra3 Rc4 40. h4 Ra4 41. Rxa4 Bxa4 42. Kf4 Kf7 43. g4 g6 44. g5 f5 45. Ke5 Ke7 46. f4 Bc6 47. Kd4 Kd6 48. Kc4 Bb5+ 49. Kd4 Bf1 50. Kc3 Kd5 0-1